000 01630nam a2200409 i 4500
001 193245
003 SpMaBN
005 20260313124503.0
007 ta
008 200819s2018 sp a | |||| 000 0dspa
017 _aM 15914-2018
_bOficina Depósito Legal Madrid
020 _a9788409021291
035 _a(OCoLC)1192382551
035 _aa6699987
040 _aSpMaBN
_bspa
_cSpMaBN
_erda
080 _a929 Ruiz de la Prada, Ágatha
080 _a391(460)"20"
100 1 _aRuiz de la Prada, Ágatha,
_d1960-
_eccp
_9234284
245 1 0 _a2017 /
_c[autores de los textos, Cósima Ramírez Ruiz de la Prada, Fundación Ágatha Ruiz de la Prada]
264 1 _a[Madrid] :
_bFundación Ágatha Ruiz de la Prada,
_c[2018]
300 _a303 páginas ;
_bprincipalmente ilustraciones (color) ;
_c22 cm
336 _aImagen fija
_aTexto
_2rdacontent
337 _asin mediación
_2rdamedia
338 _avolumen
_2rdacarrier
530 _3Disponible en formato digital
600 1 4 _aRuiz de la Prada, Ágatha,
_d1960-
_9234284
650 7 _9171393
_aModa-
_zEspaña
655 7 _aLibros ilustrados
_2tgfbne
_9193653
700 1 _aRamírez Ruiz de la Prada, Cósima,
_d1990-
_9234371
_eaut
710 2 _aFundación Ágatha Ruiz de la Prada
_eisb
_9234370
852 _aES-MaACL
_b154642
_cDEPOJ
_gDedicatoria de la donante
_hDonación: Ágatha Ruiz de la Prada
_jN-9413
_9200668
856 4 _uhttps://about.agatharuizdelaprada.com/libros/
_yVersión en línea
_z(Ágatha Ruiz de la Prada)
942 _n0
_cMONOGRAFIA
999 _c193245
_d193245